000 00773nam a22001337a 4500
040 _cRUA
082 _aAGR NGE 2012 B053 Or.1
100 _aNGET, RABY.
245 _acomparison between direct seeding mulch based cropping system and traditional practice on soil physical and chemical properies (ប្រៀបធៀបប្រព័ន្ធដាំដុះដំណាំគម្របដី និង​ ការដាំដុះតាមទម្លាប់ទៅលើលក្ខណៈរូបសាស្រ្ត និង​ គីមីសាស្រ្តនៃដី)
260 _aPhnom Penh
_bRUA
_c2012
300 _axi, 46p.
_bill.
_c29cm.
856 _uhttps://drive.google.com/file/d/1WAMelRa3Cig-deH5t1nGni1dzukU9pWk/view?usp=sharing
942 _cAGR
999 _c1396
_d1396